[Event "Stay Safe Play From Home 363"]
[Site "Emanuel Lasker Arena"]
[Date "2020.08.06"]
[Round "1"]
[White "Eidgenosse"]
[Black "Capaeuwekhine"]
[Result "1-0"]
[WhiteElo "2192"]
[BlackElo "1606"]
[Annotator "TA"]
[PlyCount "57"]
[EventDate "2020.08.06"]
[EventType "swiss (blitz)"]

{[%evp 13,57,22,34,10,20,28,62,49,61,56,76,39,49,29,39,32,33,-14,-19,-4,-11,-44,-30,-56,-12,-47,-27,-56,-25,-27,-22,-19,-28,-39,0,-14,-12,-14,49,56,218,4,71,42,2158,1960]} 1. e4 c6 2. d4 d5 3. Nc3 {[%cal Bb1c3,Bc3e4,Be4g3,Bg3h5,Bh5f4][%mdl 32]} dxe4 4. Nxe4 Bf5 5. Ng3 Bg6 6. Nh3 e6 {6...Nf6 is the fancy move.} 7. Nf4 Bd6 8. Nfh5 {B18: Classical Caro-Kann: 4...Bf5 sidelines.} Bxh5 (8... Kf8 {feels hotter.} 9. Be2 Nd7 10. c4 Ndf6 11. O-O Qc7) 9. Nxh5 Bf8 10. c3 {[#] White is slightly better.} g6 $146 ({Predecessor:} 10... Nd7 11. Bd3 g6 12. Nf4 Bg7 13. O-O Ne7 14. Qb3 Qb6 15. Nxe6 fxe6 16. Qxe6 c5 {½-½ (28) Shepley,J (1970)-Landenberger,A (1751) London 2018}) 11. Nf4 Bg7 12. Be3 Nf6 13. Be2 O-O 14. O-O Nd5 15. Nd3 Nxe3 16. fxe3 Nd7 17. e4 Rc8 18. Bf3 b6 19. Kh1 c5 20. d5 exd5 (20... c4 $5 {[%cal Rc4d3]} 21. Nf4 Nc5 $11) 21. exd5 Ne5 22. Nxe5 Bxe5 23. Qe2 Bg7 24. Rad1 {Hoping for d6.} Re8 25. Qa6 {[#] Black must now prevent d6.} Qd7 (25... Be5 $11 26. Rde1 Rc7) 26. d6 $36 {[%mdl 2048] Bg4! is the strong threat. White has good play.} f5 $2 ({Better is} 26... Re3 $14) 27. Bb7 $2 (27. Bd5+ $18 Kh8 28. Bc4) 27... Rcd8 (27... Rb8 $11 {remains equal.} 28. Bd5+ Kh8) 28. Qxa7 Rb8 $2 {[%mdl 8192] [#]} (28... Kh8 $14) 29. Bd5+ {[%mdl 64] Discovered Attack. Accuracy: White = 48%, Black = 46%.} 1-0

[Event "Stay Safe Play From Home 363"]
[Site "Emanuel Lasker Arena"]
[Date "2020.08.06"]
[Round "1"]
[White "Hickey"]
[Black "Timbre"]
[Result "1-0"]
[WhiteElo "2080"]
[BlackElo "1640"]
[Annotator "TA"]
[PlyCount "107"]
[EventDate "2020.08.06"]
[EventType "swiss (blitz)"]

{[%evp 9,107,0,0,-6,19,-4,16,10,46,39,67,-26,45,45,14,-23,56,58,64,59,102,109,123,52,53,61,58,0,200,141,141,122,147,158,137,152,141,95,917,210,210,210,206,160,434,134,153,153,160,160,164,161,207,164,170,166,182,168,170,175,204,158,154,142,204,105,105,118,164,133,195,159,201,201,29968,29970,29974,29973,29976,29976,29980,29980,29983,29984,29984,29985,29985,29986,29986,29987,29988,29987,29989,29990,29990,29991,29991,29992,29992,29993]} 1. Nf3 d5 2. g3 c6 3. Bg2 Bf5 4. O-O e6 5. Nh4 Bg4 6. d4 {A07: Réti Opening: New York and Capablanca Systems.} Nf6 7. c4 Be7 8. Nc3 {The position is equal.} Nbd7 9. Qb3 b6 10. Bf4 (10. h3 $14 Bh5 11. g4) 10... O-O (10... Nh5 $11 11. Be3 Bxh4) 11. h3 $14 Bh5 $1 12. g4 Bg6 (12... dxc4 $11 13. Qxc4 Nd5) 13. Nxg6 hxg6 {[#]} 14. e3 $146 {[%mdl 2048] Black is under pressure.} ({Predecessor:} 14. e4 dxc4 15. Qxc4 Qc8 16. Be3 b5 17. Qb3 Nb6 18. a4 Nc4 19. axb5 Nxe3 20. fxe3 {1-0 (38) Schoehuys,E (2184)-Sadallah,O (2114) Hoogeveen 2013}) 14... dxc4 15. Qxc4 Rc8 16. Rfd1 (16. Bxc6 $16 {Strongly threatening Qa4.} Nb8 17. Bxb8 Rxb8 18. Rfc1) 16... Nd5 17. Bg3 Nxc3 18. bxc3 (18. Qxc3 $14 Bh4 19. Bd6 (19. Bxc6 $2 Bxg3 20. fxg3 Nb8 $19)) 18... c5 $2 (18... b5 $11 {and Black has nothing to worry.} 19. Qe2 Nb6) 19. Qa6 cxd4 20. cxd4 Nf6 21. Qxa7 Bd6 22. Bxd6 Qxd6 23. Rab1 Ra8 $2 {[%mdl 8192]} (23... Nd5 $16 24. Bxd5 Qxd5) 24. Qxb6 $2 (24. Bxa8 Qb8 25. Qxb8 Rxb8 26. Bc6) 24... Qxb6 $18 25. Rxb6 Rxa2 26. Rc1 Rfa8 $2 (26... Rd8 $16 {is a better defense.} 27. Rc7 Ne8) 27. Rbc6 $2 (27. Bxa8 $18 {and the rest is easy.} Rxa8 28. Rb7) 27... Ra1 28. Kh2 Rxc1 29. Rxc1 $16 {[%mdl 4096] Endgame KRB-KRN} Rd8 30. Kg3 Nd5 31. Rc5 Nb4 32. Rc7 Nd3 33. Be4 Nb4 34. Rb7 Nd5 35. Kf3 Nf6 36. Bc6 Nd5 (36... g5 $16 {was necessary.} 37. Rb5 Nd5) 37. Rd7 (37. Bxd5 $18 exd5 38. h4) 37... Rxd7 38. Bxd7 {KB-KN} Kf8 39. Bc6 {[#] And now Bxd5 would win.} Nf6 (39... Nb4 $16) 40. e4 Ke7 41. e5 Nd7 $2 {[#]} (41... Ng8 $18 42. d5 exd5) 42. Bxd7 $1 {White mates.} Kxd7 {KP-KP} 43. Ke4 Ke7 44. f4 f6 45. h4 f5+ 46. gxf5 gxf5+ 47. Kd3 Kd7 48. Kc4 Kc6 49. h5 Kd7 50. Kc5 Kc7 51. d5 exd5 52. Kxd5 Kd7 53. e6+ Ke7 54. Ke5 {Accuracy: White = 55%, Black = 48%.} 1-0

[Event "Stay Safe Play From Home 363"]
[Site "Emanuel Lasker Arena"]
[Date "2020.08.06"]
[Round "1"]
[White "Haris kollari 13"]
[Black "Ao017545"]
[Result "1-0"]
[WhiteElo "1798"]
[BlackElo "1665"]
[Annotator "NA RC"]
[PlyCount "77"]
[EventDate "2020.08.06"]
[EventType "swiss (blitz)"]
[TimeControl "180"]

1. e4 {[%emt 0:00:01]} e5 {[%emt 0:00:00]} 2. f4 {[%emt 0:00:02]} Nf6 {[%emt 0:00:03]} 3. fxe5 {[%emt 0:00:02]} Nxe4 {[%emt 0:00:01]} 4. Qf3 {[%emt 0:00:01]} f5 {[%emt 0:00:03]} 5. d3 {[%emt 0:00:02]} Nc5 {[%emt 0:00:12]} 6. Qxf5 {[%emt 0:00:02]} d5 {[%emt 0:00:02]} 7. Qf3 {[%emt 0:00:09]} Nc6 {[%emt 0:00:11]} 8. Nc3 {[%emt 0:00:01]} Nd4 {[%emt 0:00:02]} 9. Qd1 {[%emt 0:00:01]} Qh4+ {[%emt 0:00:05]} 10. g3 {[%emt 0:00:02]} Qe7 {[%emt 0:00:09]} 11. Bf4 {[%emt 0:00:17]} h5 {[%emt 0:00:04]} 12. Nxd5 {[%emt 0:00:02]} Qd8 {[%emt 0:00:07]} 13. Bg2 {[%emt 0:00:01]} Bg4 {[%emt 0:00:03]} 14. Qd2 {[%emt 0:00:04]} Nf3+ {[%emt 0:00:11]} 15. Nxf3 {[%emt 0:00:02]} Qxd5 {[%emt 0:00:01]} 16. Ng5 {[%emt 0:00:06]} Qd7 {[%emt 0:00:15]} 17. h3 {[%emt 0:00:02]} Bf5 {[%emt 0:00:08]} 18. O-O-O {[%emt 0:00:02]} O-O-O {[%emt 0:00:03]} 19. Kb1 {[%emt 0:00:03]} Qb5 {[%emt 0:00:02]} 20. d4 {[%emt 0:00:02]} Na4 {[%emt 0:00:05]} 21. b3 {[%emt 0:00:12]} Qb6 {[%emt 0:00:18]} 22. Be4 {[%emt 0:00:05]} Bb4 {[%emt 0:00:09]} 23. Qd3 {[%emt 0:00:01]} Nc3+ {[%emt 0:00:04]} 24. Ka1 {[%emt 0:00:03]} Bxe4 {[%emt 0:00:02]} 25. Nxe4 {[%emt 0:00:02]} Qa5 {[%emt 0:00:05]} 26. Nxc3 {[%emt 0:00:04]} Bxc3+ {[%emt 0:00:02]} 27. Kb1 {[%emt 0:00:01]} Rd5 {[%emt 0:00:02]} 28. Qc4 {[%emt 0:00:08]} b5 {[%emt 0:00:05]} 29. Qxd5 {[%emt 0:00:05]} Qa3 {[%emt 0:00:02]} 30. Bc1 {[%emt 0:00:03]} Qb4 {[%emt 0:00:13]} 31. Qa8+ {[%emt 0:00:02]} Kd7 {[%emt 0:00:00]} 32. Qxh8 {[%emt 0:00:01]} a5 {[%emt 0:00:02]} 33. Qxg7+ {[%emt 0:00:02]} Kc6 {[%emt 0:00:02]} 34. d5+ {[%emt 0:00:03]} Kb7 {[%emt 0:00:01]} 35. d6 {[%emt 0:00:04]} a4 {[%emt 0:00:00]} 36. Qxc7+ {[%emt 0:00:03]} Ka6 {[%emt 0:00:00]} 37. Qc6+ {[%emt 0:00:02]} Ka7 {[%emt 0:00:03]} 38. d7 {[%emt 0:00:01]} axb3 {[%emt 0:00:03]} 39. cxb3 {[%emt 0:00:03] Zaman} 1-0

[Event "Stay Safe Play From Home 363"]
[Site "Emanuel Lasker Arena"]
[Date "2020.08.06"]
[Round "1"]
[White "Buzaglo"]
[Black "SelamiSahin"]
[Result "0-1"]
[WhiteElo "1701"]
[BlackElo "2129"]
[Annotator "TA"]
[PlyCount "100"]
[EventDate "2020.08.06"]
[EventType "swiss (blitz)"]

{[%evp 20,99,41,39,96,0,0,-68,-63,-57,34,-85,-82,-160,-168,-158,-8,-76,-14,-16,-29,-20,-28,-108,-80,-162,-154,-131,-143,-210,-156,-226,-133,-946,-916,-910,-908,-895,-880,-1248,-1160,-29988,-1518,-29990,-1489,-2034,-1448,-1572,-858,-29990,-29991,-29995,-29991,-29995,-29993,-29996,-29992,-29994,-29991,-29992,-29991,-29991,-29992,-29992,-29990,-29992,-29993,-29993,-29993,-29996,-29997,-29997,-29983,-29983,-29982,-29980,-29980,-29992,-29987,-29998,-29999,-29999]} 1. d4 Nf6 2. Nf3 g6 3. g3 Bg7 4. Bg2 O-O 5. O-O c5 6. d5 d6 7. c4 b5 8. cxb5 a6 9. bxa6 Bxa6 10. Re1 Nbd7 {[%cal Bb8d7,Bd7c5,Bc5d3][%mdl 32]} 11. Nc3 c4 {A58: Benko/Volga Gambit: Lines with 5 bxa6.} (11... Nb6 $14) 12. e4 (12. Rb1 $16) 12... Nc5 $11 {[#]} 13. Be3 $146 (13. Rb1 $11) ({Predecessor:} 13. e5 Nfd7 14. e6 fxe6 15. Ng5 Bb7 16. Qg4 Nf6 17. Qh4 e5 18. Bh3 Nh5 19. Be6+ Kh8 20. Nf7+ Rxf7 21. Bxf7 Nd3 22. Re2 Ba6 23. Be3 Qb8 {1-0 (23) Shalygin,O (2051)-Prokhorov,V Abakan 2013}) 13... Nd3 $1 $15 {[%mdl 1024] Black has compensation.Black is slightly better.} 14. Re2 Rb8 (14... Ng4 $15 15. Bc1 Qb6) 15. Rb1 (15. Qa4 $14 {keeps the upper hand.} Ra8 16. Bd4) 15... Ng4 $17 16. Na4 (16. Qa4 $142 Nxe3 17. Rxe3) 16... Qa5 17. Bd2 Qb5 ({Black should play} 17... c3 $1 $17 {[%cal Rc3d2]} 18. Bxc3 Bxc3 19. Nxc3 Rfc8) 18. Nc3 (18. Bc3 $11) 18... Qd7 (18... Qc5 $17 {[%cal Rd3f2]} 19. Be1 Bc8) 19. h3 $11 Nge5 20. Nxe5 Bxe5 21. f4 (21. Be3 $11) 21... Bd4+ 22. Kh2 (22. Be3 $17 Bxe3+ 23. Rxe3) 22... Nxb2 $19 23. Qc2 Nd3 24. Rxb8 (24. Nd1 $17) 24... Rxb8 25. Be3 (25. Nd1 $17) 25... Rb2 (25... Bf6 $19 {Hoping for ...Rb2.} 26. Bc1 Qc7) 26. Qa4 $2 {[%mdl 8192] White does not recover from this.} (26. Qxb2 $17 Nxb2 27. Bxd4) 26... Qxa4 {[%mdl 64] Overworked Piece} 27. Nxa4 Rxe2 28. Bxd4 Ne1 29. h4 Rxg2+ 30. Kh3 Rxa2 (30... Bc8+ $142 31. f5 gxf5 32. e5 dxe5 33. Nb6 f4+ 34. Nxc8 Rxg3+ 35. Kh2 Nf3+ $1 {[%mdl 576] Double Attack} 36. Kh1 exd4 37. Nxe7+ Kh8 38. Ng6+ fxg6 39. d6 Rg1#) 31. Nb6 {[#]} Re2 (31... c3 $142 $1 32. f5 (32. Bxc3 h5) 32... h5 33. Nc4 Bxc4 34. Bf2 Rxf2 35. g4 Rg2 36. g5 Be2 37. fxg6 Bg4#) 32. e5 dxe5 33. fxe5 Rd2 34. Bc5 c3 {Black mates.} 35. d6 exd6 36. exd6 c2 37. Ba3 {[#]} Rxd6 $1 38. Na4 (38. Bxd6 c1=Q) 38... Rd1 39. Nc3 c1=Q 40. Bxc1 Rxc1 41. Ne4 Rc2 42. Nf6+ Kg7 43. Ne8+ Kf8 44. Nd6 h5 {[%cal Ra6f1]} 45. g4 Bf1+ 46. Kg3 Rg2+ 47. Kf4 Rxg4+ 48. Ke5 Nf3+ 49. Kf6 Rf4+ 50. Nf5 Rxf5# {Accuracy: White = 15%, Black = 54%.} 0-1

[Event "Stay Safe Play From Home 363"]
[Site "Emanuel Lasker Arena"]
[Date "2020.08.06"]
[Round "1"]
[White "Dreamsoldier"]
[Black "Padmaesh M K"]
[Result "0-1"]
[WhiteElo "1584"]
[BlackElo "1814"]
[Annotator "NA RC"]
[PlyCount "38"]
[EventDate "2020.08.06"]
[EventType "swiss (blitz)"]

1. e4 {[%emt 0:00:04]} e5 {[%emt 0:00:01]} 2. Nf3 {[%emt 0:00:02]} Nc6 {[%emt 0:00:01]} 3. Bb5 {[%emt 0:00:21]} Nf6 {[%emt 0:00:02]} 4. d3 {[%emt 0:00:02]} Bc5 {[%emt 0:00:07]} 5. Bg5 {[%emt 0:00:02]} h6 {[%emt 0:00:05]} 6. Bh4 {[%emt 0:00:01]} g5 {[%emt 0:00:03]} 7. Bg3 {[%emt 0:00:13]} d6 {[%emt 0:00:01]} 8. Bxc6+ {[%emt 0:00:02]} bxc6 {[%emt 0:00:01]} 9. O-O {[%emt 0:00:02]} Bg4 {[%emt 0:00:05]} 10. h3 {[%emt 0:00:02]} Bh5 {[%emt 0:00:02]} 11. Nbd2 {[%emt 0:00:02]} Qd7 {[%emt 0:00:02]} 12. c3 {[%emt 0:00:00]} g4 {[%emt 0:00:04]} 13. hxg4 {[%emt 0:00:01]} Bxg4 {[%emt 0:00:00]} 14. Qb3 {[%emt 0:00:03]} Nh5 {[%emt 0:00:15]} 15. Bh4 {[%emt 0:00:03]} Rg8 {[%emt 0:00:04]} 16. Kh2 {[%emt 0:00:02]} Nf4 {[%emt 0:00:01]} (16... Bxf3 17. Nxf3) 17. g3 {[%emt 0:00:05]} Bxf3 {[%emt 0:00:05]} 18. gxf4 {[%emt 0:00:03]} Rg2+ {[%emt 0:00:08]} 19. Kh1 {[%emt 0:00:03]} Qh3# {[%emt 0:00:01] (Lag: Av=0.48s, max=0.8s) (Lag: Av=0.48s, max=0.8s) (Lag: Av=0.48s, max=0.8s) (Lag: Av=0.48s, max=0.8s) (Lag: Av=0.48s, max=0.8s)} 0-1

[Event "Stay Safe Play From Home 363"]
[Site "Emanuel Lasker Arena"]
[Date "2020.08.06"]
[Round "1"]
[White "Klasman"]
[Black "Greblah"]
[Result "0-1"]
[WhiteElo "1533"]
[BlackElo "1923"]
[Annotator "TA"]
[PlyCount "56"]
[EventDate "2020.08.06"]
[EventType "swiss (blitz)"]

{[%evp 10,56,-22,-47,10,0,50,45,52,24,18,-104,-118,-119,-94,-662,-650,-670,-678,-662,-680,-679,-653,-869,-869,-816,-456,-459,-427,-459,-453,-451,-437,-545,-545,-654,-652,-697,-689,-642,-633,-1103,-1058,-4802,-2707,-4818,-4818,-4910,-4148]} 1. f4 d5 2. e3 g6 3. Nf3 Bg7 4. d4 Nf6 5. c4 O-O 6. Nc3 Bf5 {A03: Bird's Opening with 1...d5.} (6... c5 $15) 7. Qb3 {[#]} dxc4 $146 ({Predecessor:} 7... b6 8. cxd5 Ne4 9. Bc4 Nd7 10. Ne5 Bxe5 11. fxe5 e6 12. O-O Nxc3 13. bxc3 Re8 {1-0 (29) Piche,G (1682)-Dumont,F (1510) Repentigny 2008}) 8. Qxb7 Nbd7 {White is slightly better.} 9. Bxc4 c5 10. d5 (10. O-O $11 {keeps the balance.}) 10... Nb6 $17 11. Qa6 Nfxd5 (11... Nbxd5 {seems wilder.} 12. Nxd5 Nxd5 13. O-O Nb4 14. Qa4 e6) 12. O-O $2 {[%mdl 8192] Loses the game.} (12. Nxd5 $17 Nxd5 13. O-O) 12... Nxc3 $19 {Black is clearly winning.} 13. bxc3 Nxc4 14. Qxc4 Bd3 {[%mdl 64] [#] Double Attack} 15. Qxc5 Bxf1 16. Kxf1 Qd3+ 17. Kf2 Qxc3 18. Qxc3 Bxc3 19. Rb1 Rab8 20. Rxb8 Rxb8 {[%mdl 4096] Endgame KRB-KBN} 21. Ba3 Bb4 22. Bxb4 Rxb4 {KR-KN} 23. Nd4 Rb2+ 24. Kf3 Rxa2 25. Ke4 a5 {[%cal Ba7a5,Ba5a4][%mdl 32]} 26. g4 Rxh2 27. f5 a4 28. fxg6 hxg6 {Accuracy: White = 24%, Black = 77%.} 0-1

[Event "Stay Safe Play From Home 363"]
[Site "Emanuel Lasker Arena"]
[Date "2020.08.06"]
[Round "1"]
[White "James Harcourt"]
[Black "Chesstiger9"]
[Result "0-1"]
[WhiteElo "1436"]
[BlackElo "1979"]
[Annotator "TA"]
[PlyCount "60"]
[EventDate "2020.08.06"]
[EventType "swiss (blitz)"]

{[%evp 9,59,-172,-167,-327,-351,-646,-627,-611,-539,-624,-610,-681,-563,-858,-547,-906,-885,-867,-860,-953,-955,-897,-934,-981,-970,-1037,-543,-601,-639,-764,-564,-975,-916,-772,-397,-741,-548,-29986,-29986,-29992,-29990,-29992,-29993,-29993,-29994,-29995,-29994,-29994,-29994,-29994,-29995,-29999]} 1. e4 c5 2. f4 e6 3. Nf3 Nc6 {[#]} 4. h4 $146 ({Predecessor:} 4. Nc3 Nge7 5. g3 d5 6. d3 dxe4 7. dxe4 Qxd1+ 8. Nxd1 b6 9. c3 Bb7 10. Nf2 h5 11. Be3 Ng8 12. O-O-O Nf6 13. Bb5 a6 14. Ba4 {1-0 (41) Carlsen,M (2832)-So,W (2815) chess.com INT 2017}) 4... d5 5. Ng5 {[#]} h6 $1 {[%cal Rh6g5]} 6. Nxf7 $2 {B21: Sicilian: 2 f4 and Morra Gambit.} (6. Nf3 {is the only way for White.}) 6... Kxf7 $19 7. f5 $2 (7. Nc3) 7... exf5 8. exd5 {Black is clearly winning.} Nd4 9. Bc4 Bd6 10. d3 Bg3+ 11. Kd2 Bd6 12. Qh5+ g6 13. Qd1 b5 14. c3 bxc4 15. cxd4 cxd4 16. dxc4 Nf6 17. Kc2 Bc5 18. h5 g5 19. Nd2 Re8 20. Re1 Rxe1 21. Qxe1 Qe7 22. Qg3 $2 (22. Qxe7+ Bxe7 23. Nf3) 22... Bd6 23. Nb3 Bxg3 {Black mates.} 24. Bd2 {[#]} d3+ $1 {[%mdl 64] Decoy} 25. Kxd3 Qe4+ {[%mdl 64] Double Attack} 26. Kc3 Be5+ 27. Kb4 Nxd5+ 28. Ka3 Bd6+ 29. c5 Bd7 {[%csl Gd7][%cal Re4a4]} 30. Re1 Qa4# {White did not feel at home in the position after the opening. Accuracy: White = 12%, Black = 49%.} 0-1

[Event "Stay Safe Play From Home 363"]
[Site "Emanuel Lasker Arena"]
[Date "2020.08.06"]
[Round "2"]
[White "SelamiSahin"]
[Black "Hickey"]
[Result "1-0"]
[WhiteElo "2131"]
[BlackElo "2082"]
[Annotator "TA"]
[PlyCount "139"]
[EventDate "2020.08.06"]
[EventType "swiss (blitz)"]

{[%evp 11,138,-15,-7,-26,6,-4,35,39,43,38,41,36,98,93,102,95,165,165,191,178,195,187,209,209,221,204,294,173,161,124,209,203,211,192,168,128,141,0,125,120,128,121,233,255,245,235,242,243,234,224,243,205,227,220,330,335,331,331,333,333,320,275,330,316,391,371,1234,1227,1241,1206,1291,1166,1324,1254,1352,1352,1057,711,694,694,676,670,1226,652,1500,1493,29993,29994,29994,29990,29990,29991,29991,29992,29993,29993,29993,29991,29991,29992,29992,29991,29991,29992,29992,29993,29993,29994,29994,29994,29994,29995,29997,29996,29996,29997,29997,29997,29997,29997,29997,29998,29998,29999,29999,29999,29999,29999,29999]} 1. d4 Nf6 2. c4 e6 3. Nc3 Bb4 4. f3 d5 5. a3 Bxc3+ 6. bxc3 O-O 7. e3 {E27: Nimzo-Indian: Sämisch: 5...0-0 6 f3.} Qe7 {[#]} 8. Bd3 $146 ({Predecessor:} 8. cxd5 exd5 9. Bd3 Re8 10. Ne2 c6 11. O-O c5 12. Ng3 Nc6 13. Ra2 Qc7 14. Re2 {½-½ (32) Legemaat,G (2326)-Konovalenko,A ICCF email 2010}) 8... c6 9. Ne2 {White is slightly better.} e5 10. O-O Re8 11. Ng3 c5 (11... h5 $14) 12. cxd5 $16 Nxd5 13. c4 Nf6 (13... Nc3 $16 14. Bxh7+ {[%mdl 64] Decoy} Kxh7 15. Qc2+ Kg8) 14. d5 $18 Rd8 15. Qc2 g6 16. Rb1 b6 17. f4 Nbd7 18. Bb2 Bb7 (18... Re8 $142 19. Qc3 Ba6) 19. Kh1 (19. Qc3 $142) 19... Re8 20. Rbe1 e4 (20... b5 $16 {was worth a try.}) 21. Be2 h6 22. f5 {Hoping for fxg6.} g5 23. Qc3 {Strongly threatening Nh5.} Qe5 24. Qc2 ({White should play} 24. Qd2 $16 Qd6 25. Qc2) 24... Qd6 (24... Qe7 $1 $11 {remains equal.}) 25. Nh5 {White stays focused until the end.} Nxh5 26. Bxh5 Nf6 (26... b5 $16 {might work better.}) 27. Qc3 Kg7 28. h4 Rh8 29. Kg1 Rad8 30. Rf2 Qe7 31. g3 Rd6 32. Be2 Kf8 (32... gxh4 {keeps fighting.} 33. gxh4 Kf8) 33. hxg5 hxg5 34. Rh2 Rxh2 35. Kxh2 Ke8 36. Rh1 Kd8 37. Kg2 Ne8 38. Rh8 {Threatens to win with f6.} f6 $2 (38... Kc7 39. Qe5 Qxe5 40. Bxe5 f6 41. Bxd6+ Nxd6) 39. Bh5 Kc7 40. Rxe8 Qh7 41. g4 Qg7 42. Kg3 Bc8 43. Qc2 Bd7 44. Ra8 Kb7 45. Rd8 Kc7 46. Rxd7+ Kxd7 47. Qxe4 {And now Qe8+ would win.} Kc7 48. Qe8 Qe7 49. Qxe7+ {White mates.} Rd7 50. Qxd7+ Kxd7 51. Bxf6 Kd6 52. Bxg5 Kd7 53. Bf4 Kc8 54. a4 Kb7 55. e4 Ka6 56. e5 Ka5 57. e6 Kxa4 58. e7 Kb3 59. e8=Q Kxc4 {[#]} 60. Qc6 $1 b5 61. d6 b4 62. d7 Kb3 63. d8=Q c4 {[#]} 64. Qdc7 $1 c3 65. Qc4+ Kb2 66. Qa5 {[%csl Ga5][%cal Rc4a2]} Kc2 67. Qaxb4 {[%cal Rc4e2]} Kd1 68. Qcxc3 {[%cal Rg4g5]} Ke2 69. Qbb2+ Kf1 70. Qcc1# {Accuracy: White = 76%, Black = 48%.} 1-0

[Event "Stay Safe Play From Home 363"]
[Site "Emanuel Lasker Arena"]
[Date "2020.08.06"]
[Round "2"]
[White "Chesstiger9"]
[Black "Haris kollari 13"]
[Result "1-0"]
[WhiteElo "1980"]
[BlackElo "1809"]
[Annotator "NA RC"]
[PlyCount "113"]
[EventDate "2020.08.06"]
[EventType "swiss (blitz)"]

{Volkov, Yuri} 1. d4 {[%emt 0:00:06]} e6 {[%emt 0:00:00]} 2. Nf3 {[%emt 0:00:01]} d5 {[%emt 0:00:00]} 3. e3 {[%emt 0:00:01]} c5 {[%emt 0:00:01]} 4. c3 {[%emt 0:00:01]} Nc6 {[%emt 0:00:01]} 5. Bd3 {[%emt 0:00:01]} Bd7 {[%emt 0:00:01]} 6. Ne5 {[%emt 0:00:02]} Nxe5 {[%emt 0:00:02]} 7. dxe5 {[%emt 0:00:01]} c4 {[%emt 0:00:00]} 8. Bc2 {[%emt 0:00:01]} b5 {[%emt 0:00:01]} 9. O-O {[%emt 0:00:01]} Ne7 {[%emt 0:00:02]} 10. f4 {[%emt 0:00:01]} Qb6 {[%emt 0:00:02]} 11. Kh1 {[%emt 0:00:01]} Nf5 {[%emt 0:00:02]} 12. e4 {[%emt 0:00:02]} Ne7 {[%emt 0:00:03]} 13. Qe2 {[%emt 0:00:05]} Bc6 {[%emt 0:00:01]} 14. Be3 {[%emt 0:00:01]} Qb7 {[%emt 0:00:02]} 15. exd5 {[%emt 0:00:09]} Nxd5 {[%emt 0:00:02]} 16. Bd4 {[%emt 0:00:04]} Be7 {[%emt 0:00:02]} 17. Be4 {[%emt 0:00:02]} g6 {[%emt 0:00:05]} 18. Nd2 {[%emt 0:00:01]} O-O {[%emt 0:00:05]} 19. Rf3 {[%emt 0:00:03]} Rfd8 {[%emt 0:00:04]} 20. Raf1 {[%emt 0:00:03]} Bf8 {[%emt 0:00:01]} 21. Rh3 {[%emt 0:00:02]} Bg7 {[%emt 0:00:01]} 22. Qg4 {[%emt 0:00:11]} Rd7 {[%emt 0:00:03]} 23. Nf3 {[%emt 0:00:02]} Rad8 {[%emt 0:00:04]} 24. Ng5 {[%emt 0:00:01]} h6 {[%emt 0:00:03]} 25. Nxe6 {[%emt 0:00:02]} fxe6 {[%emt 0:00:07]} 26. Qxe6+ {[%emt 0:00:01]} Kf8 {[%emt 0:00:08]} 27. f5 {[%emt 0:00:11]} gxf5 {[%emt 0:00:09]} 28. Rxf5+ {[%emt 0:00:04]} Rf7 {[%emt 0:00:05]} 29. Rhf3 {[%emt 0:00:06]} Rdd7 {[%emt 0:00:09]} 30. Qg6 {[%emt 0:00:08]} Nb4 {[%emt 0:00:23]} 31. e6 {[%emt 0:00:08]} Bxe4 {[%emt 0:00:03]} 32. Rxf7+ {[%emt 0:00:01]} Rxf7 {[%emt 0:00:03]} 33. Rxf7+ {[%emt 0:00:01]} Ke8 {[%emt 0:00:06]} 34. Rxb7+ {[%emt 0:00:02]} Bxg6 {[%emt 0:00:01]} 35. Rxg7 {[%emt 0:00:02]} Bf5 {[%emt 0:00:05]} 36. cxb4 {[%emt 0:00:01]} Bxe6 {[%emt 0:00:01]} 37. Bxa7 {[%emt 0:00:03]} Bd5 {[%emt 0:00:01]} 38. Bc5 {[%emt 0:00:01]} Be4 {[%emt 0:00:02]} 39. Re7+ {[%emt 0:00:01]} Kd8 {[%emt 0:00:01]} 40. Rxe4 {[%emt 0:00:00]} c3 {[%emt 0:00:01]} 41. bxc3 {[%emt 0:00:02]} h5 {[%emt 0:00:01]} 42. Re5 {[%emt 0:00:01]} h4 {[%emt 0:00:01]} 43. Rh5 {[%emt 0:00:01]} h3 {[%emt 0:00:01]} 44. Rxh3 {[%emt 0:00:01]} Kd7 {[%emt 0:00:00]} 45. Rh6 {[%emt 0:00:02]} Kc7 {[%emt 0:00:02]} 46. Rb6 {[%emt 0:00:02]} Kd7 {[%emt 0:00:01]} 47. Rxb5 {[%emt 0:00:01]} Kc6 {[%emt 0:00:00]} 48. c4 {[%emt 0:00:02]} Kd7 {[%emt 0:00:01]} 49. a4 {[%emt 0:00:01]} Ke6 {[%emt 0:00:01]} 50. a5 {[%emt 0:00:01]} Ke5 {[%emt 0:00:00]} 51. a6 {[%emt 0:00:01]} Ke4 {[%emt 0:00:00]} 52. a7 {[%emt 0:00:01]} Kd3 {[%emt 0:00:00]} 53. a8=Q {[%emt 0:00:00]} Kxc4 {[%emt 0:00:00]} 54. Rb6 {[%emt 0:00:04]} Kb3 {[%emt 0:00:01]} 55. Qf3+ {[%emt 0:00:02]} Ka4 {[%emt 0:00:01]} 56. Ra6+ {[%emt 0:00:02]} Kb5 {[%emt 0:00:01]} 57. Qd3# {[%emt 0:00:01] (Lag: Av=0.42s, max=1.0s) (Lag: Av=0.42s, max=1.0s) (Lag: Av=0.42s, max=1.0s) (Lag: Av=0.42s, max=1.0s) (Lag: Av=0.42s, max=1.0s)} 1-0